000 00408pab a2200157 454500
008 180718b2001 xxu||||| |||| 00| 0 eng d
100 _aMukhopadhyay, Surajit C.
245 _aLegacy of the Raj: the post-colonial police in India
260 _c2001
300 _ap.115-43
362 _aJan-Jun
650 _aPolice - India
650 _aPolice
773 _aIndian Social Science Review
909 _a50559
999 _c50559
_d50559